000 00447nam a2200181Ia 4500
001 21215
005 20260306172903.0
008 260306t2013||||xx |||||||||||||| ||spa||
041 _aESP
082 _a344.2
_bR47
100 _aReyna Alfaro, Luis Miguel
_eAUT
245 0 _aTratado integral de litigación estratégica
260 _c2013
300 _a494 páginas :
_c25 cm.
650 _aGEN
654 _aCDE
942 _cLIB
_dJUS
_fJUS
_2ddc
_n
999 _c21215
_d21215